17 papers on analysis

Saved in:
Bibliographic Details
Other Authors: Aizerman, M. A. (Mark Aronovich), 1913-
Format: Book
Language:English
Published: Rhode Island : American Mathematical Society ;, under a grant from the National Science Foundation, 1963
Series:American Mathematical Society translations ; ; v. 26; Series 2
Subjects:
Tags: Add Tag
No Tags, Be the first to tag this record!

MARC

LEADER 00000nam a2200000 i 4500
001 1/9591
008 000822s1963 eng d
020 |a 0-8218-1726-4 
035 |l 10063119 
040 |a GR-MY-UA  |b gre  |e aacr 
041 0 |a eng 
082 0 |a 515 
245 1 0 |a 17 papers on analysis /  |c M. A. Aizerman...[et al.]. 
246 3 3 |a Seventeen papers on analysis 
260 |a Rhode Island :   |b American Mathematical Society ;,   |b under a grant from the National Science Foundation,   |c 1963 
300 |a iv, 351 p.;  |c 28 cm. 
490 1 |a American Mathematical Society translations  |v ; 26; Series 2 
504 |a Bibliography: p.351 
650 0 0 |a Mathematical analysis. 
650 0 0 |a Functions. 
700 1 |a Aizerman, M. A.   |q (Mark Aronovich),   |d 1913- 
830 0 |a American Mathematical Society translations ;  |v ; v. 26; Series 2 
852 |a INST  |b SAMOS  |e 20000822  |h 515 SEV  |p 005300018985  |q 005300018985  |t BK  |y 0 
901 |a BIBL3-2000-2 
909 |a Σ  |b 080794 
922 |a 3ΕΛΗ  |b 200007  |c ΚΠΣ  |d ΠΑΠΑΣΩΤΗΡΙΟΥ 
950 |a 116-2000-01-19 
970 |a ΚΟΣΙΕΡΗΣ  |b ΧΡΗΣΤΟΣ  |z 2000/08/24